| 000 | 00388nam a22001457a 4500 | ||
|---|---|---|---|
| 005 | 20200610105240.0 | ||
| 008 | 200610b xxu||||| |||| 00| 0 eng d | ||
| 082 | _a345.4 | ||
| 110 |
_aALL INDIA REPORTER _95896 |
||
| 245 | _aALL INDIA REPORTER , 1960 (VOL-47) SUPREME COURT SECTION | ||
| 260 | _bALL INDIA REPORTER, PVT. LTD . | ||
| 300 | _a1376;p | ||
| 650 |
_aLAW _95701 |
||
| 942 | _cJRL | ||
| 999 |
_c6958 _d6956 |
||